Գողը : (Record no. 533960)
[ view plain ]
| 000 -LEADER | |
|---|---|
| fixed length control field | 01433nam a2200217 a 4500 |
| 001 - CONTROL NUMBER | |
| control field | 000238995 |
| 003 - CONTROL NUMBER IDENTIFIER | |
| control field | AM-YeHGA |
| 005 - DATE AND TIME OF LATEST TRANSACTION | |
| control field | 20250618080211.0 |
| 008 - FIXED-LENGTH DATA ELEMENTS--GENERAL INFORMATION | |
| fixed length control field | 030624s1920 ai |||||||||||||||1|arm|d |
| 040 ## - CATALOGING SOURCE | |
| Original cataloging agency | AM-YeHGA |
| 041 ## - LANGUAGE CODE | |
| Language code of text/sound track or separate title | arm |
| 090 ## - LOCALLY ASSIGNED LC-TYPE CALL NUMBER (OCLC); LOCAL CALL NUMBER (RLIN) | |
| -- | 573432 |
| 100 1# - MAIN ENTRY--PERSONAL NAME | |
| Personal name | Միրբօ, Տ. |
| 245 10 - TITLE STATEMENT | |
| Title | Գողը : |
| Remainder of title | Կոմեդիա մէկ արար / |
| Statement of responsibility, etc. | Տ. Միրբօ; Թարգմ.՝ Պ.Ա. |
| 260 ## - PUBLICATION, DISTRIBUTION, ETC. | |
| Place of publication, distribution, etc. | Զմիւռնիա : |
| Name of publisher, distributor, etc. | տպ. Մամուրեան, |
| Date of publication, distribution, etc. | 1920. |
| 300 ## - PHYSICAL DESCRIPTION | |
| Extent | 18 էջ ; |
| Dimensions | 20 սմ. |
| 501 ## - WITH NOTE | |
| With note | Ալիգ. 5.(679-2003) Կազմված են՝ Ալեքսանդր Դյումա՝ Տիկին Մոնսորօ.- Զմիւռնիա, 1879 ; Զաւակները.- Ա. տ. և Ա. թ. ; Գաբրիել Պատկանյան՝ Սանդուխտ դշխոյի եւ կուսի հօր Սանատրուկ Հայոց թագաւորի Արշակունւոյ վախճանն կամ զկնի քսան ամաց.- ԿոստանդնուՊօլիս, 1876 ; Մոլիեր՝ Թարթիւֆ.- Զմիւռնիա, 1882 ; Հանրի Պորտո՝ Ամուսնութեան խնդրանք.- Իզմիր, 1921 ; Զաւակները.- Ա.տ. և Ա. թ. ; Կատակերգութիւն գոմի բակում.- Թիֆլիս, 1908 ; Բագրատ Այվազյանց՝ Սասունը այրւում է.- Թիֆլիս, 1913 |
| 650 14 - SUBJECT ADDED ENTRY--TOPICAL TERM | |
| Topical term or geographic name entry element | Ֆրանսիական գրականություն |
| General subdivision | Թատերգություն |
| 700 0# - ADDED ENTRY--PERSONAL NAME | |
| Personal name | Պ.Ա. |
| Relator term | թարգմ. |
| Relationship | trl |
| 9 (RLIN) | 5659 |
| 942 ## - ADDED ENTRY ELEMENTS (KOHA) | |
| Source of classification or shelving scheme | Universal Decimal Classification |
| Koha item type | Գրքեր / Books |
| Withdrawn status | Lost status | Source of classification or shelving scheme | Damaged status | Not for loan | Collection | Home library | Current library | Date acquired | Total checkouts | Full call number | Barcode | Date last seen | Price effective from | Koha item type | Public note |
|---|---|---|---|---|---|---|---|---|---|---|---|---|---|---|---|
| Universal Decimal Classification | Zhamkochyan Individual collection | Fundamental Scientific Library | Fundamental Scientific Library | 08/04/2025 | Ժամ/214 | FL0688583 | 08/04/2025 | 08/04/2025 | Գրքեր / Books | ILL Non-Circ. |
ՀՀ Գիտությունների ազգային ակադեմիայի հիմնարար գիտական գրադարան = Fundamental Scientific Library of NAS RA
All site content, except where otherwise noted, is licensed under a